00269nam a2200109Ia 4500008004100000082001700041100002400058245002300082250000900105260003700114300000800151191201s2013 xx 000 0 und d a005.133bKAT aKANETKAR, Yashavant 0aLet us C Solutions a13th c2013bBPB PublicationaNEW DELHI a458